000 00436nam a2200169Ia 4500
008 131103s9999 xx 000 0 und d
040 _aLoreto College
041 _aEnglish
082 _a891.433/BHA
_bLCBED/7711
100 _aVaradari, S.
245 _aGyan ki kahaniya
_cS.Varadari
260 _aVaranasi
_bHindi Pracharak
_c1967
300 _a32p.
_b pic.
_c 22cm.
650 _aHindi
850 _aLCBED/891.433/BHA
942 _cBK
999 _c35356
_d85835